000 00437nam a2200157 i 4500
001 134268
003 ES-MaACL
005 20230906194633.0
007 t|
008 070907q19001919ag ||||1| spa d
100 1 _aWast, Hugo.
_9116159
245 1 0 _aValle negro /
_cHugo Wast [seud.].
260 _aBuenos Aires :
_bAgencia General de Librería y Publicaciones,
_c[19-?]
300 _a317 p. ;
_c19 cm.
852 _aES-MaACL
_jF-10309
999 _c134268
_d134268